| 000 | 00356nam a22001337a 4500 | ||
|---|---|---|---|
| 020 | _a420421203 | ||
| 082 | _a341.752SCH. | ||
| 100 | _aGeorg Schwarzenberger. | ||
| 245 | _aForeign Investment and International Law. | ||
| 260 |
_aLondon _bStevens and Sons. _c1969. |
||
| 300 |
_axx, 237p. _b24cm. |
||
| 500 | _aIncludes bibliography and index. | ||
| 942 | _cBK | ||
| 999 |
_c16413 _d16413 |
||